Daily Country Riddle #102 - Statistics

General Stats
  • This quiz has been taken 202 times
    196 since last reset
  • The average score is 9 of 13
Answer Stats
Type Answer % Correct
Found Letter A
97%
Found Letter N
93%
Found Letter R
91%
Found Letter D
79%
Found Letter O
79%
Correctly Placed Letter O
76%
Correctly Placed Letter R
73%
Correctly Placed Letter A
72%
Correctly Placed Letter N
62%
Correctly Placed Letter D
56%
Correctly Placed Letter J
51%
Found Letter J
51%
Mystery Country Jordan
51%
No matching quizzes found
Score Distribution
Percent of People with Each Score
Percentile by Number Answered
Your Score History
You have not taken this quiz since the last reset